Debate por educación laica o libre.

Guardado en:
Formato: Deslizar
Materias:
Etiquetas: Agregar Etiqueta
Sin Etiquetas, Sea el primero en etiquetar este registro!
LEADER 00924ngm a22002295g 4500
001 CEM.cems022940
008 130507b2010##################0###0#####d
005 20241127144651.0
245 0 0 |a Debate por educación laica o libre. 
300 |a 31'. 
500 |a En soporte VHS, consultar en ventanilla. 
505 0 |a Enseñanza laica o libre: antecedentes. La Iglesia y la educación superior. El debate de 1958. La discusión en el Parlamento. Polarización de la sociedad. Movilizaciones. La expedición de títulos y la habilitación profesional. 
538 |a Soporte: VHS - Norma: Pal N - Color: Si - Grabación DRD 2010 - Hitachi=0000 
082 9 8 |/ DEB 
653 |a EDUCACION LIBRE 
653 |a EDUCACION LAICA 
653 |a LIBRE 
653 |a LAICA 
653 |a IGLESIA CATOLICA 
653 |a NIVEL PRIMARIO 
653 |a NIVEL SECUNDARIO 
859 |a CEMS  |b BIB. CEMS - Depto. Recursos Didacticos  |h 982  |i DEB  |k DRD  |p 1583.12  |t Ej.1